000 004580000a22001810004500
003 MACL
005 20150822123809.0
008 150822b xxu||||| |||| 00| 0 eng d
040 _aMACL
_cMACL
041 _aEnglish
082 _a630/SWI
100 _aSwaminathan, M. S.
_92615
245 _aScience and the Conouest of Hunger
260 _bConcept Publishing Co.
_c1983
_aNew Delhi
350 _a160
650 _aAgriculture
_96762
942 _cBK
_k630
_2ddc
999 _c3828
_d3828